000 00391nam a2200145Ia 4500
008 231129s1991||||xx |||||||||||||| ||spa||
020 _a84-204-2680-6
040 _bspa
082 _a928 Y67s
100 _aSavigneau Josyane
245 0 _aMarguerite Yourcenar : La invencion de una vida
260 _c1991
264 _aAlfaguara
942 _2ddc
_cBKS
999 _c20648
_d20648